[Event "US op U18"]
[Site "Lindsborg"]
[Date "2004.07.24"]
[Round "4"]
[White "Shi, Alan"]
[Black "Conway, Tyler"]
[Result "0-1"]
[WhiteElo "1027"]
[BlackElo "1333"]
[PlyCount "60"]
[EventDate "2004.07.??"]
[EventType "swiss"]
[EventRounds "6"]
[EventCountry "USA"]
[EventCategory "1"]
[SourceTitle "EXT 2006"]
[Source "ChessBase"]
[SourceDate "2005.11.24"]
[SourceVersion "1"]
[SourceVersionDate "2005.11.24"]
[SourceQuality "1"]

1. e4 d5 2. d4 dxe4 3. Nc3 Nf6 4. f3 exf3 5. Qxf3 e6 6. Bd3 Be7 7. Be3 Nc6 8. Qg3 Bf8 9. Nf3 Nd5 10. Nxd5 exd5 11. a3 g6 12. Bb5 Bg7 13. Ne5 Bd7 14. Bxc6 Bxc6 15. 0-0 0-0 16. Qg4 Qe7 17. Bf4 Qe6 18. Qh4 Bb5 19. Rfe1 Qf5 20. c3 f6 21. Nf3 g5 22. Nxg5 fxg5 23. Bxg5 Rae8 24. Red1 Re2 25. a4 Bc4 26. g4 Qf2+ 27. Qxf2 Rfxf2 28. Rd2 Rg2+ 29. Kf1 Ref2+ 30. Ke1 Rf1# 0-1